00580nam a2200157 a 450000100100000000500170001000800410002702000150006804000250008310000280010824500900013626000850022630000210031150000570033271000330038900004126720201002034735.0130927s1974 sp 000 0 spa d a8471700328 aDO-SdBNPbspacBNPHU1 aMuñoz León, Domingo10aDios - Palabra :bmemra en los targumim del Pentateuco /. /cDomingo Muñoz León,. aMadrid :bInstitución San Jerónimo para la Investigación Bíblica,c1974. a757 p. ;c25 cm. aAnnexos p. 641-693. 695-730. Bibliografia p. 731-7432 aInstitución San Jerónimo